[Event "AUTO-OPEN-487"]
[Site "http://www.queenalice.com/game.php?id=254418"]
[Date "2007.8.11"]
[Round "2"]
[White "monicker"]
[Black "valdiluis"]
[Result "0-1"]
[WhiteElo "1872"]
[BlackElo "1861"]

1. e4 e5 2. Nf3 Nf6 3. Nxe5 Nc6 4. d4 Nxe5 5. dxe5 Nxe4 6. Qd4 Nc5 7. Bc4 d6 8.
Nc3 Be7 9. O-O O-O 10. Bf4 Ne6 11. exd6 Nxd4 0-1

[Event "AUTO-OPEN-487"]
[Site "http://www.queenalice.com/game.php?id=254419"]
[Date "2007.8.11"]
[Round "2"]
[White "valdiluis"]
[Black "monicker"]
[Result "1-0"]
[WhiteElo "1857"]
[BlackElo "1820"]

1. e4 e6 2. f4 Nf6 3. e5 Nd5 4. Nf3 Nxf4 5. d4 Nd5 6. c4 Nb6 7. Bd3 c5 8. O-O
Nc6 9. Ng5 f5 10. exf6 gxf6 11. Qh5+ Ke7 12. Rxf6 Kxf6 13. Qf7# 1-0

[Event "QA-ANNIV-03"]
[Site "http://www.queenalice.com/game.php?id=270128"]
[Date "2007.9.11"]
[Round "3"]
[White "flvsnts"]
[Black "monicker"]
[Result "0-1"]
[WhiteElo "1789"]
[BlackElo "1855"]

1. e4 e6 2. d4 c5 3. Nf3 d5 4. e5 cxd4 5. Qxd4 Nc6 6. Qf4 f6 7. Bb5 Bd7 8. exf6
Nxf6 9. Nc3 Nb4 10. Bxd7+ Qxd7 11. Nd4 Bd6 12. Qd2 e5 13. Ndb5 d4 14. Nxd6+ Qxd6
0-1

[Event "AUTO-ADV-689"]
[Site "http://www.queenalice.com/game.php?id=292873"]
[Date "2007.10.25"]
[Round "1"]
[White "monicker"]
[Black "Xavier"]
[Result "0-1"]
[WhiteElo "1800"]
[BlackElo "1769"]

1. e4 Nc6 2. Nf3 e5 3. Bc4 Na5 4. Bxf7+ Kxf7 5. Nxe5+ Ke6 6. d4 Qf6 7. Qg4+ Kd6
8. Bg5 Nh6 9. Bxh6 gxh6 10. Nc3 c6 11. Qg3 Ke7 12. d5 d6 13. Nd3 Nc4 14. O-O-O
c5 15. b3 Na3 16. e5 dxe5 17. Rhe1 Qg5+ 18. Qxg5+ hxg5 19. Rxe5+ Kf6 20. Ne4+
Kg6 21. Rxg5+ Kh6 22. Nf4 Be7 23. Rh5+ Kg7 24. h3 Rf8 25. g3 Bf5 26. f3 Rae8 27.
g4 Bxe4 28. Ne6+ Kg8 29. Nxf8 Bxc2 30. Rd2 Bxf8 31. Rxc2 Nxc2 32. Kxc2 Re2+ 33.
Kb1 Bg7 34. d6 b6 0-1

[Event "AUTO-ADV-689"]
[Site "http://www.queenalice.com/game.php?id=292874"]
[Date "2007.10.25"]
[Round "1"]
[White "Xavier"]
[Black "monicker"]
[Result "1-0"]
[WhiteElo "1753"]
[BlackElo "1859"]

1. c4 e6 2. Nc3 c5 3. d4 cxd4 4. Qxd4 Nf6 5. Bg5 Be7 6. O-O-O O-O 7. Nf3 Nc6 8.
Qd2 Ng4 9. Bxe7 Qxe7 10. e3 Nge5 11. Nxe5 Nxe5 12. f4 Nc6 13. a3 a6 14. Na4 Qd8
15. c5 Qc7 16. Nb6 Rb8 17. Bd3 d6 18. Nxc8 Rbxc8 19. Qc2 dxc5 20. Bxh7+ Kh8 21.
h4 g6 22. h5 f5 23. hxg6 Qg7 24. Qc4 Rfe8 25. Rd6 Rcd8 26. Rxe6 Na5 27. Rxe8+
Rxe8 28. Bg8+ 1-0

[Event "AUTO-ADV-689"]
[Site "http://www.queenalice.com/game.php?id=292875"]
[Date "2007.10.25"]
[Round "1"]
[White "monicker"]
[Black "lordek"]
[Result "0-1"]
[WhiteElo "1770"]
[BlackElo "1874"]

1. e4 e5 2. Nf3 Nc6 3. Bc4 Nf6 4. Ng5 Bc5 5. Nxf7 Bxf2+ 6. Kxf2 Nxe4+ 7. Ke3 Qe7
8. Kxe4 O-O 9. Rf1 d5+ 10. Bxd5 Be6 11. Bxc6 Qh4+ 12. Ke3 Qd4+ 13. Ke2 Qc4+ 14.
d3 Qxc6 15. Qe1 Bxf7 16. Nc3 Qxg2+ 17. Rf2 Bh5+ 18. Ke3 Qg5+ 19. Ke4 Bg6+ 20.
Kd5 Qd8+ 21. Kc4 Qd4+ 22. Kb3 Rxf2 23. Be3 Bf7+ 24. Ka3 Qd6+ 25. Ka4 Rxc2 26. b3
Qc6+ 27. Kb4 a5+ 28. Ka3 Qd6+ 0-1

[Event "AUTO-ADV-689"]
[Site "http://www.queenalice.com/game.php?id=292876"]
[Date "2007.10.25"]
[Round "1"]
[White "lordek"]
[Black "monicker"]
[Result "1-0"]
[WhiteElo "1871"]
[BlackElo "1758"]

1. d4 e6 2. c4 c5 3. d5 d6 4. e4 Nf6 5. Nc3 Be7 6. f4 exd5 7. cxd5 O-O 8. Nf3
Bg4 9. Bd3 a6 10. h3 Bc8 11. Be3 b5 12. O-O c4 13. Bc2 Nfd7 14. Qe1 Re8 15. Ne2
Bf8 16. f5 Ne5 17. Nxe5 dxe5 18. Qg3 Nd7 19. Qh2 a5 20. Ng3 Nf6 21. Bg5 Be7 22.
Ne2 Nd7 23. Be3 Bg5 24. Qg3 Bxe3+ 25. Qxe3 Qb6 26. Qxb6 Nxb6 27. Nc3 b4 28. Nb5
Re7 29. f6 Rd7 30. d6 Ba6 31. Nc7 1-0

[Event "AUTO-MASTER-408"]
[Site "http://www.queenalice.com/game.php?id=296565"]
[Date "2007.11.1"]
[Round "1"]
[White "monicker"]
[Black "Alberlandes"]
[Result "0-1"]
[WhiteElo "1839"]
[BlackElo "1972"]

1. e4 c5 2. Nf3 Nc6 3. d4 cxd4 4. Nxd4 d6 5. Nc3 e5 6. Nb3 Bd7 7. Nd5 Nf6 8. Bg5
Be7 9. Nxf6+ Bxf6 10. Bxf6 Qxf6 11. Be2 O-O 12. O-O Rad8 13. a3 Ne7 0-1

[Event "AUTO-MASTER-408"]
[Site "http://www.queenalice.com/game.php?id=296566"]
[Date "2007.11.1"]
[Round "1"]
[White "Alberlandes"]
[Black "monicker"]
[Result "1-0"]
[WhiteElo "1960"]
[BlackElo "1851"]

1. d4 e6 2. Nf3 c5 3. c3 Nf6 4. Bg5 cxd4 5. Bxf6 Qxf6 6. cxd4 Bb4+ 7. Nbd2 Nc6
8. e3 d5 9. a3 Bd6 10. Bb5 O-O 11. Rc1 a6 12. Bd3 Bd7 13. e4 Nxd4 14. O-O 1-0

[Event "AUTO-MASTER-408"]
[Site "http://www.queenalice.com/game.php?id=296567"]
[Date "2007.11.1"]
[Round "1"]
[White "monicker"]
[Black "Nakgada"]
[Result "0-1"]
[WhiteElo "1874"]
[BlackElo "1911"]

1. e4 c5 2. d4 cxd4 3. Nf3 Qa5+ 4. Qd2 Qxd2+ 5. Bxd2 Nc6 6. Bb5 Nf6 7. Bxc6 bxc6
8. e5 Ng4 9. h3 Nh6 10. Nxd4 c5 11. Nb5 Rb8 12. Nc7+ Kd8 13. Ba5 Rxb2 14. Nd5+
Ke8 15. Nc7+ Kd8 16. Nd5+ Rb6 17. Nxb6 axb6 18. Bxb6+ Ke8 19. Bxc5 Ba6 20. Nc3
e6 21. Bxf8 Rxf8 22. Rb1 Ke7 23. Kd2 Rc8 24. Rb4 Nf5 25. g3 f6 26. exf6+ gxf6
27. Rhb1 Nd6 28. Nd1 Bf1 29. h4 Bh3 0-1

[Event "AUTO-MASTER-408"]
[Site "http://www.queenalice.com/game.php?id=296568"]
[Date "2007.11.1"]
[Round "1"]
[White "Nakgada"]
[Black "monicker"]
[Result "1-0"]
[WhiteElo "1895"]
[BlackElo "1890"]

1. d4 e6 2. c4 d5 3. cxd5 exd5 4. Nf3 Nf6 5. Bg5 Be7 6. Nc3 O-O 7. e3 a6 8. Bd3
c6 9. Qc2 Bg4 10. Bxf6 Bxf6 11. Bxh7+ Kh8 12. Bf5 Bxf3 13. gxf3 Bg5 14. O-O-O
Qf6 15. f4 Bh6 16. Rhg1 Qh4 17. Rg2 g6 18. Bxg6 fxg6 19. Qxg6 Nd7 20. Rdg1 Nf6
21. Ne2 Rg8 22. Qf7 Rxg2 23. Rxg2 Rg8 24. Rxg8+ Nxg8 25. Ng3 Qxh2 26. Nf5 Qg1+
27. Kd2 Qxf2+ 28. Kd3 Qf1+ 29. Kd2 Qg2+ 30. Kc3 Qh3 31. Kd2 1-0

[Event "Challenge"]
[Site "http://www.queenalice.com/game.php?id=307994"]
[Date "2007.11.21"]
[Round "-"]
[White "junelorena"]
[Black "monicker"]
[Result "0-1"]
[WhiteElo "1377"]
[BlackElo "1879"]

1. Nf3 e6 2. d3 c5 3. g3 d5 4. Bg2 Be7 5. Nc3 Nc6 6. O-O Nf6 7. Bf4 O-O 8. Qd2
d4 9. Nb5 Nd5 10. c4 Nxf4 11. Qxf4 Bd7 12. Ne5 Nxe5 13. Qxe5 a6 14. Bxb7 Rb8 15.
Bxa6 Qb6 16. Na3 Qxa6 17. Nc2 Rxb2 18. Rfc1 Rxa2 19. Kg2 Bc6+ 20. f3 Rxa1 21.
Rxa1 Qb7 22. Ne1 Ra8 0-1

[Event "Challenge"]
[Site "http://www.queenalice.com/game.php?id=315867"]
[Date "2007.12.6"]
[Round "-"]
[White "mateuserafa"]
[Black "monicker"]
[Result "1-0"]
[WhiteElo "2227"]
[BlackElo "1766"]

1. e4 e6 2. d4 c5 3. Nf3 cxd4 4. Nxd4 Nc6 5. Nc3 Nf6 6. Bg5 Be7 7. Nxc6 bxc6 8.
e5 Nd5 9. Bxe7 Nxe7 10. Qd4 O-O 11. Bd3 a5 12. O-O Qc7 13. Qc5 Nd5 14. Nxd5 exd5
15. Bxh7+ Kxh7 16. Qxf8 Qxe5 17. Rae1 Qxb2 18. Re8 Ba6 19. Qxf7 Bxf1 20. Qh5#
1-0

[Event "Challenge"]
[Site "http://www.queenalice.com/game.php?id=315868"]
[Date "2007.12.6"]
[Round "-"]
[White "monicker"]
[Black "mateuserafa"]
[Result "0-1"]
[WhiteElo "1739"]
[BlackElo "2268"]

1. e4 c5 2. d4 e6 3. Nf3 cxd4 4. Nxd4 Nc6 5. Be2 Nf6 6. Nc3 d6 7. Be3 Be7 8. O-O
Bd7 9. a3 Nxd4 10. Bxd4 Bc6 11. e5 dxe5 12. Bxe5 O-O 13. Qxd8 Rfxd8 14. Rad1
Rac8 15. Rxd8+ Rxd8 16. Rd1 Rxd1+ 17. Bxd1 Bc5 18. Bxf6 gxf6 19. Kf1 Bd4 20. Bf3
Bxf3 21. gxf3 Bxc3 22. bxc3 Kf8 23. Ke2 Ke7 24. Ke3 Kd6 25. f4 Kc5 26. Kd3 Kb5
0-1

[Event "QA-ANNIV-03"]
[Site "http://www.queenalice.com/game.php?id=316115"]
[Date "2007.12.6"]
[Round "4"]
[White "pensalo"]
[Black "monicker"]
[Result "1-0"]
[WhiteElo "2297"]
[BlackElo "1861"]

1. e4 g6 2. d4 Bg7 3. Bc4 d5 4. exd5 Nf6 5. Nf3 Nxd5 6. c3 Nc6 7. O-O O-O 8.
Nbd2 Nb6 9. Bb3 e6 10. Ne4 Nd7 11. Bg5 f6 12. Bxe6+ Kh8 13. Bh4 Qe8 14. Bxd7
Bxd7 15. Re1 Qf7 16. Nc5 b6 17. Nxd7 Qxd7 18. Qb3 Rae8 19. Qb5 Nb8 20. Qxd7 Nxd7
21. d5 Ne5 22. Nxe5 Rxe5 23. Rxe5 fxe5 24. Re1 Re8 25. f3 Kg8 26. Kf2 Kf7 27.
Ke3 Bf6 28. Bg3 Ke7 29. Ke4 Kd7 30. c4 Kd6 31. b4 c5 32. dxc6 Kxc6 33. Rd1 Re7
34. Rd5 a6 35. a4 b5 36. axb5+ axb5 37. Rc5+ 1-0

[Event "Challenge"]
[Site "http://www.queenalice.com/game.php?id=326697"]
[Date "2007.12.27"]
[Round "-"]
[White "koutouzov"]
[Black "monicker"]
[Result "1-0"]
[WhiteElo "1911"]
[BlackElo "1783"]

1. e4 e5 2. Nf3 Nc6 3. Bb5 Nd4 4. Nxd4 exd4 5. c3 c6 6. Bc4 d5 7. exd5 cxd5 8.
Bb5+ Bd7 9. Qe2+ Be7 10. cxd4 Nf6 11. Nc3 O-O 12. O-O Bd6 13. Bxd7 Qxd7 14. d3
Rae8 15. Qf3 Bb4 16. Bd2 Qg4 17. Qxg4 Nxg4 18. a3 Bxc3 19. Bxc3 Rc8 20. Rfe1 1-0

[Event "QA-ANNIV-03"]
[Site "http://www.queenalice.com/game.php?id=360797"]
[Date "2008.2.25"]
[Round "5"]
[White "monicker"]
[Black "ezequiel_2001"]
[Result "1-0"]
[WhiteElo "1747"]
[BlackElo "1823"]

1. e4 c5 2. Nf3 d6 3. d4 cxd4 4. Nxd4 Nf6 5. Nc3 a6 6. Be2 g6 7. Be3 Bg7 8. O-O
O-O 9. Qd2 e5 10. Nf3 Qe7 11. Rfd1 Bg4 12. Ne1 1-0